01061nam a2200265Ia 4500003000400000005001700004008004100021020001800062040001800080041000800098082002600106245012300132250001200255260005200267300002900319650003400348650005000382650003500432700003100467700003700498700003300535942003500568999001900603952017300622OSt20250125120407.0210716s2015 xx 000 0 und d a9788184249682 cAIMIT LIBRARY aeng a001.0726584 21bBANA aQuality management practices for global excellence /cEdited by Alok Bansal, Yogeshwari Phatak and Raj Kishore Sharma. a1st ed. aNew Delhi :bAllied Publishers Pvt Ltd ,c2015. axvi,472p. ;bPBc24.7 cm aFinance and economics9195483 aHuman resource and general management9195484 aInformation technology9195485 aBansal, Alok., ed.9195486 aPhatak, Yogeshwari., ed.9195487 aSharma, Raj Kishore.9195488 2ddccBKe1stk001.0726584 BANA c194443d194443 00102ddc40708MCAaAIMITbAIMITeKnowledge Worldg850.00iBill no:448; Bill dt:2015-03-20l0o001.0726584 BANApMCA13951r2025-07-21 00:00:00v637.50w2021-07-16yBK